00973cam a2200277 a 450000100060000000300080000600500170001400800390003102000140007003500190008404000320010304100080013508200300014310000300017324501110020326000310031430000740034550000260041950400320044560000290047765000510050665000360055765000260059365000390061965000370065826864BD-RjUL20211209051058.0140323s1983 ii abfj b 000 0beng z5614240 : a(BD-RjUL)26935 aDLCcDLCdDLCdBD-RjULbeng aeng00a954.0049595219bSIB 19831 aSingh, K. S.,d1935-2006.10aBirsa Munda and his movement, 1874-1901 :ba study of a millenarian movement in Chotanagpur /cK.S. Singh. aCalcutta :bOxford,c1983. axviii, 289 p., [6] p. of plates :bill., geneal. table, map ;c23 cm. aMap on lining papers. aBibliography: p. [245]-257.00aBirsa Munda,d1874-1901. 0aMunda (Indic people)xPolitics and government. 0aMunda (Indic people)xReligion. 0aMillennialismzIndia. 0aRevolutionarieszIndiaxBiography. 0aMunda (Indic people)xBiography.